000 02109nam0a2200325 4500
001 RU\NLR\b_ik\200724
005 20250613195035.0
010 _a5-7596-0302-7
_9150
035 _a(NLR Aleph) 009996550
090 _a9765537
_c9765537
100 _a20130329d2002 |||y0rusy50 ca
101 0 _aeng
102 _aRU
105 _ay z 100yy
200 1 _aInternational conference "Ecological problems in nuclear-powered submarines decommissioning and the development of the nuclear power in the region" (ECOFLOT-2002)
_eabstracts of the presentation
210 _aVladivostok
_cFESTU
_d2002
215 _a106 с.
_d29
300 _aВ вып. дан.: Экологические проблемы утилизации атомных подводных лодок и развитие ядерной энергетики в регионе: Международная конференция: тезисы докладов
300 _aВ надзаг.: Intern. center for environmental safety of Minatom of Russia, Far Eastern federal enterprise for the treatment of radioactive waste (FSUE "DalRAO"), Far Eastern branch of the Russ. acad. of sciences [etc.]
517 0 _aЭкологические проблемы утилизации атомных подводных лодок и развитие ядерной энергетики в регионе (ЭКОФЛОТ-2002)
_eМеждународная конференция
_eтезисы докладов
606 1 _aАтомные подводные лодки
_jТезисы докладов
_xУтилизация
_xЭкологическая безопасность
_92588613
_3RU\NLR\AUTH\661529901
686 1 _aЦ661.11я431(0)
710 1 2 _7ba
_8eng
_a"Ecological problems in nuclear-powered submarines decommissioning and the development of the nuclear power in the region", international conference
_eVladivostok
_f2002
_9461515
_3RU\NLR\AUTH\880397422
801 0 _aRU
_bNLR
_c20130329
_gRCR
801 1 _aRU
_bNLR
_c20130329
942 _cBOOK
980 _aNB